000
00272 a2200121 4500
001
38631
090
_c
24499
_d
24499
100
_a
Ezzell B
245
_a
NT 4 Window 95: Developers handbook
260
_a
New Delhi
_b
PBP Publication
_c
1997
300
_e
with CD
520
_a
CD/DVD
942
_a
NUST-CAE
999
_c
273704
_d
273704